<?xml version="1.0" encoding="UTF-8"?><?xml-stylesheet type="text/xsl" href="static/style.xsl"?><OAI-PMH xmlns="http://www.openarchives.org/OAI/2.0/" xmlns:xsi="http://www.w3.org/2001/XMLSchema-instance" xsi:schemaLocation="http://www.openarchives.org/OAI/2.0/ http://www.openarchives.org/OAI/2.0/OAI-PMH.xsd"><responseDate>2026-04-13T01:51:28Z</responseDate><request verb="GetRecord" identifier="oai:www.recercat.cat:2117/105048" metadataPrefix="marc">https://recercat.cat/oai/request</request><GetRecord><record><header><identifier>oai:recercat.cat:2117/105048</identifier><datestamp>2025-07-22T21:29:05Z</datestamp><setSpec>com_2072_1033</setSpec><setSpec>col_2072_452951</setSpec></header><metadata><record xmlns="http://www.loc.gov/MARC21/slim" xmlns:dcterms="http://purl.org/dc/terms/" xmlns:xsi="http://www.w3.org/2001/XMLSchema-instance" xmlns:doc="http://www.lyncode.com/xoai" xsi:schemaLocation="http://www.loc.gov/MARC21/slim http://www.loc.gov/standards/marcxml/schema/MARC21slim.xsd">
   <leader>00925njm 22002777a 4500</leader>
   <datafield ind2=" " ind1=" " tag="042">
      <subfield code="a">dc</subfield>
   </datafield>
   <datafield ind2=" " ind1=" " tag="720">
      <subfield code="a">Ramos García, Elton Darío</subfield>
      <subfield code="e">author</subfield>
   </datafield>
   <datafield ind2=" " ind1=" " tag="260">
      <subfield code="c">2015-02-02</subfield>
   </datafield>
   <datafield ind2=" " ind1=" " tag="520">
      <subfield code="a">La investigación marina requiere cada día más información&#xd;
medioambiental, con mejores resoluciones temporales y&#xd;
series más largas. Los métodos tradicionales no son&#xd;
adecuados por ecosistemas marinos con dinámicas muy lentas,&#xd;
con la adquisición continúa de datos durante largos&#xd;
periodos, es posible detectar cambios climáticos a la vez&#xd;
que acontecimientos singulares.&#xd;
El OBSEA es un observatorio submarino anclado a unos 4 km&#xd;
de la costa de Vilanova i la Geltrú en la zona protegida de&#xd;
pesca, y a unos 20 metros de profundidad, provisto de un&#xd;
gran número de elementos para el registro y la medida de&#xd;
diferentes variables que puedan estar sujetas a posteriores&#xd;
estudios. Uno de estos elementos, es el hidrófono, un&#xd;
transductor de sonido a electricidad para ser usado bajo el&#xd;
agua.&#xd;
Lo que se pretende conseguir en este PFC, es cumplir una&#xd;
serie de objetivos relacionados con la señal registrada por&#xd;
el hidrófono mediante la programación con Labview.&#xd;
Primero, se establecerá comunicación con el hidrófono, para&#xd;
recibir los datos captados. Una vez hecho esto, se&#xd;
procederá al acondicionamiento de los datos recibidos.&#xd;
Finalmente, se monitorizarán diferentes magnitudes no&#xd;
captades directamente por el hidrófono, y se reproducirá el&#xd;
audio registrado.</subfield>
   </datafield>
   <datafield tag="653" ind2=" " ind1=" ">
      <subfield code="a">Àrees temàtiques de la UPC::Enginyeria electrònica</subfield>
   </datafield>
   <datafield tag="653" ind2=" " ind1=" ">
      <subfield code="a">Hydrophone</subfield>
   </datafield>
   <datafield tag="653" ind2=" " ind1=" ">
      <subfield code="a">Electroacoustic transducers</subfield>
   </datafield>
   <datafield tag="653" ind2=" " ind1=" ">
      <subfield code="a">Underwater acoustics</subfield>
   </datafield>
   <datafield tag="653" ind2=" " ind1=" ">
      <subfield code="a">Hidrófono</subfield>
   </datafield>
   <datafield tag="653" ind2=" " ind1=" ">
      <subfield code="a">UDP</subfield>
   </datafield>
   <datafield tag="653" ind2=" " ind1=" ">
      <subfield code="a">Espectrograma</subfield>
   </datafield>
   <datafield tag="653" ind2=" " ind1=" ">
      <subfield code="a">OBSEA</subfield>
   </datafield>
   <datafield tag="653" ind2=" " ind1=" ">
      <subfield code="a">Presión</subfield>
   </datafield>
   <datafield tag="653" ind2=" " ind1=" ">
      <subfield code="a">RMS</subfield>
   </datafield>
   <datafield tag="653" ind2=" " ind1=" ">
      <subfield code="a">Labview</subfield>
   </datafield>
   <datafield tag="653" ind2=" " ind1=" ">
      <subfield code="a">Tramas</subfield>
   </datafield>
   <datafield tag="653" ind2=" " ind1=" ">
      <subfield code="a">Audio</subfield>
   </datafield>
   <datafield tag="653" ind2=" " ind1=" ">
      <subfield code="a">Hidròfons</subfield>
   </datafield>
   <datafield tag="653" ind2=" " ind1=" ">
      <subfield code="a">Electroacústica</subfield>
   </datafield>
   <datafield tag="653" ind2=" " ind1=" ">
      <subfield code="a">Acústica submarina</subfield>
   </datafield>
   <datafield ind2="0" ind1="0" tag="245">
      <subfield code="a">Procesado de datos acústicos submarinos en el observatorio OBSEA</subfield>
   </datafield>
</record></metadata></record></GetRecord></OAI-PMH>